| 000 -LEADER |
| fixed length control field |
00942nam a2200217Ia 4500 |
| 001 - CONTROL NUMBER |
| control field |
19572 |
| 003 - CONTROL NUMBER IDENTIFIER |
| control field |
GE_BSU |
| 008 - FIXED-LENGTH DATA ELEMENTS--GENERAL INFORMATION |
| fixed length control field |
181216s||||||||xx |||||||||||||| ||und|| |
| 020 ## - INTERNATIONAL STANDARD BOOK NUMBER |
| International Standard Book Number |
978994102020 |
| 040 ## - CATALOGING SOURCE |
| Transcribing agency |
GE_BSU |
| 080 ## - UNIVERSAL DECIMAL CLASSIFICATION NUMBER |
| Universal Decimal Classification number |
016(479.22):908(479.22) |
| 245 ## - TITLE STATEMENT |
| Title |
საქართველო: ანოტირებული ბიბლიოგრაფიული საძიებელი. წიგნი 8 |
| 245 ## - TITLE STATEMENT |
| Statement of responsibility, etc. |
რედ. ჟ. ქავთარაძე. გამოც.რედ. ვ. კიკილაშვილი |
| 260 ## - PUBLICATION, DISTRIBUTION, ETC. |
| Place of publication, distribution, etc. |
თბილისი |
| 260 ## - PUBLICATION, DISTRIBUTION, ETC. |
| Name of publisher, distributor, etc. |
ეროვნული მწერლობის სტამბა |
| 260 ## - PUBLICATION, DISTRIBUTION, ETC. |
| Date of publication, distribution, etc. |
2009 |
| 300 ## - PHYSICAL DESCRIPTION |
| Extent |
288გვ. |
| 653 ## - INDEX TERM--UNCONTROLLED |
| Uncontrolled term |
საქართველო: ანოტირებული ბიბლიოგრაფიული საძიებელი. წიგნი 8 |
| 653 ## - INDEX TERM--UNCONTROLLED |
| Uncontrolled term |
ქსეროქსი |
| 942 ## - ADDED ENTRY ELEMENTS (KOHA) |
| Koha item type |
წიგნი |